000 01220nam0a22003491 4500
001 RU\NLR\INFOCOMM5\ROSSICA\1000308354
005 20250613194003.0
035 _a(NLR Aleph) 009983817
090 _a9707730
_c9707730
100 _a20031002d1916 |||y0rusy50 ca
101 0 _apol
102 _aRU
105 _ay z |||a|
181 0 _ai4
_baxxe
182 0 _an
200 1 _aDwa çzyny Henryka Sienkiewicza
_fStanisław Sierosławski
203 _aТекст
_bвизуальный
_cнепосредственный
210 _aMoskwa
_c[s.n.]
_d1916
215 _a29 с.
_d19
316 _aЭкз. РНБ (71/114): Из Отделения "Библиотека всемирной литературы"
_5NLR: 71/114
600 1 _aSienkiewicz
_gHenryk
_bH.
_f1846-1916
_2PSBO
700 1 _aSierosławski
_bS.
_gStanisław
_4070
801 1 _aRU
_bInfoComm
_c20031002
801 0 _aRU
_bNLR
_gPSBO
_2rusmarc
830 _aЭкз. "Всемирной лит." описан по карточке каталога Отделения "Б-ка всемирной лит."
852 _aNLR
_j30.2.10.707
852 _aNLR
_j71/114
942 _cBOOK
980 _aNB
980 _aRossica
980 _aWL